O Bobo / (Registro n. 8114)
[ somente texto ]
| 000 -LÍDER | |
|---|---|
| campo de controle de tamanho fixo | 01323nam a2200253 a 4500 |
| 001 - NÚMERO DE CONTROLE | |
| campo de controle | BS0003052 |
| 003 - IDENTIFICADOR DO NÚMERO DE CONTROLE | |
| campo de controle | BR-BrBNA |
| 005 - DATA E HORÁRIO DA ÚLTIMA TRANSAÇÃO | |
| campo de controle | 20230418192214.0 |
| 008 - CAMPO DE DADOS FIXOS--INFORMAÇÃO GERAL | |
| campo de controle de tamanho fixo | 230308b |||||||| |||| 00| 0 por d |
| 040 ## - FONTE DA CATALOGAÇÃO | |
| Instituição da catalogação original | BR-BrBNA |
| Idioma da catalogação | por |
| Instituição que transcreveu o registro | Biblioteca Nacional de Agricultura |
| 041 ## - CÓDIGO DE IDIOMA | |
| Código do idioma do texto/trilha sonora ou título diferente | por |
| 072 ## - CÓDIGO DE CATEGORIA DE ASSUNTO | |
| Código de Categoria de Assunto | S81 |
| 090 ## - NÚMERO DE CHAMADA LOCAL | |
| Número de chamada | S81 BS0003052 |
| 100 1# - ENTRADA PRINCIPAL--NOME PESSOAL | |
| Nome pessoal | Herculano, Alexandre |
| 245 1# - TÍTULO | |
| Título | O Bobo / |
| 250 1# - EDIÇÃO | |
| Edição | 1. ed. |
| 260 3# - PUBLICAÇÃO, DISTRIBUIÇÃO, ETC. | |
| Local de publicação, distribuição, etc. | Rio de janeiro, RJ: |
| Nome do editor, distribuidor, etc. | Ediouro, |
| 300 ## - DESCRIÇÃO FÍSICA | |
| Extensão | 116 p. |
| 500 ## - NOTA GERAL | |
| Nota geral | Coleção prestígio.<br/> |
| 520 3# - NOTA DE RESUMO, ETC | |
| Resumo, etc. | E um dos romances históricos de Alexandre Herculano. A fantasia que acompanha a realidade deve-se à prodigiosa imaginaçao do poeta á sombra das suas árduas tarefas de arquivista. Nenhum escritor descreveu os costumes e os diversos aspectos da Idade Média com mais pormenores e precisao do que ele. E que o erudito historiador esteve sempre presente no pujante romancista.<br/>O herói aqui é Dom Bibas. o bobo, o truao de uma conturbada Corte portuguesa. Acima dos dramas e das tragédias pairava o seu riso diabólico. Suas satiras refletiam a sua alma esperta a acompanhar intrigas, ódios, desforras, vaidades, paixoes, no castelo, no burgo e em toda parte onde ferviam ânsias antagônicas.<br/> |
| 650 ## - ASSUNTO--TERMO TÓPICO | |
| Cabeçalho tópico ou nome geográfico | LITERATURA PORTUGUESA |
| 909 ## - | |
| -- | 202304 |
| -- | Sergio Santos |
| -- | 56 |
| -- | Sergio Santos |
| 942 ## - ELEMENTOS DE ENTRADA ADICIONADOS (KOHA) | |
| Tipo de material Koha | Livros |
| Situação do descarte | Fonte da classificação ou esquema de arquivamento na estante | Situação física | Não pode ser emprestado | Coleção | Biblioteca de origem | Biblioteca atual | Total de empréstimos | Número de telefone completo | Código de barras | Data de último acesso | Número do exemplar | Tipo de material Koha | Situação das perdas | Data de aquisição | Fonte de aquisição | Qualificador de local codificado |
|---|---|---|---|---|---|---|---|---|---|---|---|---|---|---|---|---|
| Classificação AGRIS | Acervo Cultural | Biblioteca Nacional de Agricultura - Binagri | Biblioteca Nacional de Agricultura - Binagri | S81 BS0003052 | S81 BS0003052 | 12/04/2023 | 01 | Livros | 2023-04-04 | Doação | S81 |

BINAGRI